000 00400nam a2200133 i 4500
001 25055
003 ES-MaACL
005 20230906153203.0
007 t|
008 021220s1918 fr ||||1| fre d
245 0 0 _aAperçu général des principales mesures prises pour améliorer le bien-être matériel et moral du sodat belge.
260 _aLe Havre :
_b[s.n.,
_c1918]
852 _aES-MaACL
_j1568-F-9
999 _c25055
_d25055